| 000 | 00482nam a2200157 a 4500 | ||
|---|---|---|---|
| 001 | 000023636 | ||
| 005 | 20200930022351.0 | ||
| 008 | 101216s1970 nq a r 000 0 spa d | ||
| 040 |
_aDO-SdBNP _bspa _cBNPHU |
||
| 082 |
_axxxxx _bR585c |
||
| 100 | 0 |
_aRuis, _qEduardo del Río, _d1939- _948707 |
|
| 245 | 1 | 0 |
_aCompa nicaragua : _blas heróicas mujeres de nicaragua / _cEduardo del Río (Ruis). |
| 260 |
_aNicaragua : _bEduca, _c1970. |
||
| 300 |
_a143 p. : _bil. ; _c21 cm. |
||
| 049 | _aBNGR | ||
| 999 |
_c23132 _d23132 |
||